Widows & Half Widows: (Record no. 200580)

MARC details
000 -LEADER
fixed length control field 00685nam a22001937a 4500
005 - DATE AND TIME OF LATEST TRANSACTION
control field 20240206162812.0
010 ## - LCCN (DPL NO)
LC control number ENG-139139
020 ## - INTERNATIONAL STANDARD BOOK NUMBER
International Standard Book Number 9788172210489
Terms of availability 200.00
035 ## - SYSTEM CONTROL NUMBER
System control number EN- 122671
037 ## - SOURCE OF ACQUISITION
Source of stock number/acquisition DBAD/PUB
082 ## - DEWEY DECIMAL CLASSIFICATION NUMBER
Classification number 303.625
Edition number 1
100 ## - MAIN ENTRY--PERSONAL NAME
Personal name Rashid, Afsana
245 ## - TITLE STATEMENT
Title Widows & Half Widows:
Remainder of title Saga Of Extra- Judicial Arrests & Killings In Kashmir/
Statement of responsibility, etc By Afsana Rashid
250 ## - EDITION STATEMENT
Edition statement 1
260 ## - PUBLICATION, DISTRIBUTION, ETC. (IMPRINT)
Place of publication, distribution, etc New Delhi
Name of publisher, distributor, etc Pharos Media & Publishing Pvt Ltd
Date of publication, distribution, etc 2011
270 ## - ADDRESS
Address D-84 Abul Fazl Enclave -I Jamia Nagar
City New Delhi
Postal code 110025
Telephone number 011-26947483
-- 011-26952825
Electronic mail address books@pharosmedia.com
300 ## - PHYSICAL DESCRIPTION
Extent 188p.
Dimensions 22cm(pb)
942 ## - ADDED ENTRY ELEMENTS (KOHA)
Source of classification or shelving scheme Dewey Decimal Classification
Item type English Books
Classification part 303.625
Call number suffix RAS
Edition 1
Holdings
Withdrawn status Lost status Not for loan Collection code Home library Current library Date acquired Source of acquisition Cost, normal purchase price Full call number Barcode Copy number Cost, replacement price Koha item type
      Non-fiction Sarojini Nagar Sarojini Nagar 06/02/2024 DBAD/PUB 200.00 303.625 RAS EN-122671 1 200.00 English Books

© Delhi Public Library
Hit Counter
free hit counter